000 01328nam a2200337Ia 4500
001 ebr10182215
003 CaPaEBR
006 m u
007 cr cn|||||||||
008 060130s2005 ne a sb 000 0 eng d
020 _z9053568611
020 _z9789053568613
040 _aCaPaEBR
_cCaPaEBR
035 _a(OCoLC)70291384
050 1 4 _aPF74
_b.B87 2005eb
100 1 _aBurke, Peter.
245 1 0 _aTowards a social history of early modern Dutch
_h[electronic resource] /
_cPeter Burke.
260 _aAmsterdam :
_bAmsterdam University Press,
_c2005.
300 _a36 p. :
_bill.
490 1 _aMeertens ethnology cahier,
_x1872-0986 ;
_v1
490 1 _aMeertens ethnology cahiers,
_x1872-0986 ;
_v1
504 _aIncludes bibliographical references (p. 31-36).
533 _aElectronic reproduction.
_bPalo Alto, Calif. :
_cebrary,
_d2011.
_nAvailable via World Wide Web.
_nAccess may be limited to ebrary affiliated libraries.
650 0 _aDutch language
_xSocial aspects.
650 0 _aSociolinguistics.
655 7 _aElectronic books.
_2local
710 2 _aebrary, Inc.
830 0 _aMeertens ethnology cahier ;
_v1.
830 0 _aMeertens ethnology cahiers ;
_v1.
856 4 0 _uhttp://site.ebrary.com/lib/rucke/Doc?id=10182215
_zAn electronic book accessible through the World Wide Web; click to view
999 _c238589
_d238589